| 000 | 00401 a2200133 4500 | ||
|---|---|---|---|
| 003 | Nust | ||
| 005 | 20170207161858.0 | ||
| 040 | _cNust | ||
| 082 | _a799 | ||
| 245 |
_aOpen House 2013,Photograph 2013 (Soft Copy) _cMCS |
||
| 260 |
_aRawalpindi _bMCS _c15-05-2013 |
||
| 650 | _aPictures of Open House 2013, Photograph 2013 (CD-No-23,Vol-II) also Avaiable in Seprate CD Open House-2013 | ||
| 651 | _aSweet Memories-MCS | ||
| 942 | _cBK | ||
| 999 |
_c204646 _d204646 |
||